7-Letter Countries by Middle Letter - Statistics

General Stats
  • This quiz has been taken 15 times
    5 since last reset
  • The average score is 8 of 12
Answer Stats
Middle Letter Answer % Correct
t Austria | Eritrea | Vietnam
100%
a Albania | Bahamas | Belarus | Croatia | Ecuador | Jamaica | Romania | Somalia | Ukraine
75%
e Algeria | Armenia | Liberia | Nigeria | Senegal
75%
o Andorra | Comoros | Estonia | Lesotho | Morocco
75%
g Belgium | Hungary | Uruguay
75%
u Burundi | Vanuatu
75%
m Denmark | Germany
75%
n Grenada | Lebanon | Myanmar | Vietnam
75%
r Bahrain | Georgia
50%
i Bolivia | Namibia | Tunisia
50%
l Finland | Iceland | Ireland
50%
d Moldova
25%
No matching quizzes found
Score Distribution
Percent of People with Each Score
Percentile by Number Answered
Your Score History
You have not taken this quiz since the last reset